Statistics for Capital cities which are not the biggest of their country

Click here to take the quiz!

General Stats

  • This quiz has been taken 23 times
    (21 since last reset)
  • The average score is 22 of 36

Answer Stats

CapitalBiggest City% Correct
WellingtonAuckland
95%
New-DelhiMumbai
95%
BrasiliaSao Paulo
95%
Vaduz #Schaan
95%
BeijingShanghai
95%
CanberraSydney
95%
Nur SultanAlmaty
90%
RabatCasablanca
90%
Sri Jayawardenapura Kotte #Colombo
90%
HanoiHo Chi Minh city
90%
AnkaraIstanbul
90%
Cape Town, Pretoria and BloemfonteinJohannesburg
90%
IslamabadKarachi
90%
Washington DCNew York City
90%
BernZurich
90%
Abu DhabiDubai
85%
AbujaLagos
85%
OttawaToronto
85%
BelmopanBelize City
75%
DodomaDar es Salaam
70%
NaypyitawYangon
65%
YamoussoukroAbidjan
60%
GitegaBujumbura
60%
YaoundeDouala
55%
Manilla #Quezon city
55%
Porto Novo @Cotonou
50%
Quito or Guayaquil *Quito
30%
Khartoum #Omdurman
20%
Sucre and La PazSanta Cruz de la Sierra
20%
NgerelmudKoror
15%
MalaboBata
10%
San MarinoDogana
10%
MbabaneManzini
10%
BanjulSerekunda
5%
SuvaNasinu
0%
PalikirWeno
0%

Score Distribution

Percentile by Number Answered

Percent of People with Each Score

Your Score History

You have not taken this quiz since the last reset